LEADER 01223nam 2200349Ia 450 001 996395646203316 005 20221108061745.0 035 $a(CKB)4330000000312749 035 $a(EEBO)2240961188 035 $a(OCoLC)12240840 035 $a(EXLCZ)994330000000312749 100 $a19850708d1641 uy | 101 0 $aeng 135 $aurbn||||a|bb| 200 14$aThe discovery of a proiector$b[electronic resource] $eshewing the beginning, progresse, and end of the projector and his projects : also the projectors last will and testament, with an epitaph to his memory /$fby T. Brugis, Gent 210 $aLondon $cPrinted by R.H., and are to be sold by Lawrence Chapman and William Cooke ...$d1641 215 $a[6], 34 [i.e. 36], [2] p 300 $aReproduction of original in British Library. 330 $aeebo-0018 606 $aInventors$vEarly works to 1800 606 $aInventions$vEarly works to 1800 615 0$aInventors 615 0$aInventions 700 $aBrugis$b Thomas$ffl. 1640?$01003125 801 0$bEAA 801 1$bEAA 801 2$bm/c 801 2$bWaOLN 906 $aBOOK 912 $a996395646203316 996 $aThe discovery of a proiector$92319165 997 $aUNISA LEADER 00854nam a2200229 i 4500 001 991000958929707536 008 050412s2000 enk b 001 0 eng d 020 $a0195129849 035 $ab13298999-39ule_inst 040 $aDip.to Filologia Ling. e Lett.$bita 100 1 $aLobeck, Anne$0622163 245 10$aDiscovering Grammar :$bAn introduction to English Sentence Structure /$cAnne Lobeck 260 $aNew York :$bOxford University Press ;$c2000 300 $aXIII, 370 p. ;$c21 cm 504 $aInclude index 650 4$aSintassi 907 $a.b13298999$b13-05-13$c12-04-05 912 $a991000958929707536 945 $aLE008 FL.M. (L.G.) M 164$g1$i2008000106515$lle008$o-$pE0.00$q-$rl$s- $t0$u0$v0$w0$x0$y.i14048528$z12-04-05 996 $aDiscovering Grammar$91104973 997 $aUNISALENTO 998 $ale008$b12-04-05$cm$da $e-$feng$genk$h0$i0 LEADER 02030oam 2200541M 450 001 9910716453003321 005 20200213071032.8 035 $a(CKB)5470000002521615 035 $a(OCoLC)1065767785 035 $a(OCoLC)995470000002521615 035 $a(EXLCZ)995470000002521615 100 $a20071213d1927 ua 0 101 0 $aeng 135 $aurcn||||||||| 181 $ctxt$2rdacontent 182 $cc$2rdamedia 183 $acr$2rdacarrier 200 10$aAccept title to certain lands in Teton County, Wyo. February 15, 1927. -- Committed to the Committee of the Whole House on the State of the Union and ordered to be printed 210 1$a[Washington, D.C.] :$c[U.S. Government Printing Office],$d1927. 215 $a1 online resource (3 pages) 225 1 $aHouse report / 69th Congress, 2nd session. House ;$vno. 2089 225 1 $a[United States congressional serial set] ;$v[serial no. 8689] 300 $aBatch processed record: Metadata reviewed, not verified. Some fields updated by batch processes. 300 $aFDLP item number not assigned. 606 $aElk 606 $aGifts 606 $aLand titles 606 $aLand titles$xRegistration and transfer 606 $aLegislative amendments 606 $aWildlife conservation 606 $aWildlife refuges 608 $aLegislative materials.$2lcgft 615 0$aElk. 615 0$aGifts. 615 0$aLand titles. 615 0$aLand titles$xRegistration and transfer. 615 0$aLegislative amendments. 615 0$aWildlife conservation. 615 0$aWildlife refuges. 701 $aWinter$b Charles E$g(Charles Edwin),$f1870-1948$pRepublican (WY)$01387987 801 0$bWYU 801 1$bWYU 801 2$bOCLCO 801 2$bOCLCQ 906 $aBOOK 912 $a9910716453003321 996 $aAccept title to certain lands in Teton County, Wyo. February 15, 1927. -- Committed to the Committee of the Whole House on the State of the Union and ordered to be printed$93484122 997 $aUNINA